000 00402nam a2200169Ia 4500
005 20250508151335.0
008 008 250505s9999 xx 000 0 eng d
037 _aTextual
040 _aFEDL
_beng
_cFEDL
041 _aeng
_2eng
084 _a954, IND
_qFEDL
245 0 _aSeventh year
260 _c1954
300 _a201p.
942 _cTEXL
_h954, IND
999 _c1329160
_d1329160